000
00215 a2200097 4500
001
45607
100
_a
Berger, T
245
_a
Regiment of women
260
_a
New York
_b
Dell publishing co
_c
090
_c
28772
_d
28772
942
_a
NUST-CAE
_c
M
_c
20860
999
_c
280680
_d
280680